000 00643nam a2200217 4500
003 OSt
005 20240624010014.0
006 a
008 240624b |||||||| |||| 00| 0 eng d
020 _a9789814314794
040 _aDWCL-Main lib.
_cOC
082 _aCirc. 658.4038 R463i 2010
100 _aReynolds, George W.
245 _aInformation technology management /
260 _aSingapore :
_bCengage Learning Asia Pte Ltd,
_cc2010.
300 _b329 p. : ill. ;
_c23 cm.
504 _aIncludes index.
650 _a1. Information technology.
650 _a2. Information technology-Management.
942 _2ddc
_n0
_cBK-CIRC
_kCirc.
999 _c1165
_d1165